Normal view
MARC view
- Lopez, Jaime Rodriguez
Entry Personal Name
001 - CONTROL NUMBER
- control field: 3309
003 - CONTROL NUMBER IDENTIFIER
- control field: URS
005 - DATE AND TIME OF LATEST TRANSACTION
- control field: 20230118161849.0
008 - FIXED-LENGTH DATA ELEMENTS
- fixed length control field: 230118|| aca||aabn | a|a d
040 ## - CATALOGING SOURCE
- Original cataloging agency: URS
100 ## - HEADING--PERSONAL NAME
- Personal name: Lopez, Jaime Rodriguez
- Relator term: author